00816nam a22002057a 450000500170000001000150001702000260003203500130005803700130007108200110008410000290009524501150012426000460023927000730028530000240035850000500038294200250043299900170045795201360047420130501113953.0 aENG-106930 a9788177082913c985.00 aEN-90463 bDBAD/PUB a337.15 aVon Feigenblatt, Otto F. aThe Association of Southeast Asian Nations (ASEAN) : cby Otto F. Von Feigenblattbconflict and development / aNew DelhibNew Century Publicationsc2012 a4800/24, Bharat Ram Road, Ansari Road, Darya GanjbNew Delhie110002 axv,376p. c23cm(Hb) aIncludes bibliographical references and index 2ddccENh337.15mVON c74908d74908 001040718NFICaDBADbDBADd2013-04-26eDBAD/PUBg985.00l0o337.15 VONpEN-90463r2013-04-26 00:00:00t1v985.00w2013-04-26yEN